000 00431nam a2200157Ia 4500
008 221030s9999 xx 000 0 und d
020 _a8126542277
041 _aEnglish
100 _aG. B. Baecher
245 0 _aReliability & Statistics in Geotechnical Engineering
_cby G. B. Baecher, J. T. Christian
260 _bWilley Pub.
_aNew Delhi
_c2013
300 _a605
650 _aCivil
700 _aJ. T. Christian
942 _cBK
999 _c17760
_d17760